[Event "AUTO-OPEN-2429"]
[Site "http://www.queenalice.com/game.php?id=966656"]
[Date "2011.7.30"]
[Round "1"]
[White "johndavidtelker"]
[Black "jcwarmling"]
[Result "0-1"]
[WhiteElo "1701"]
[BlackElo "1662"]

1. d4 Nf6 2. c4 d5 3. cxd5 Qxd5 4. Nf3 Nc6 5. e3 e5 6. Nc3 Qa5 7. Bd2 exd4 8.
exd4 Bg4 9. Be2 O-O-O 10. Be3 Bb4 11. Qd2 Ne4 12. Qc2 f5 13. O-O Nxc3 14. bxc3
Bxc3 15. Rac1 Nxd4 16. Bxd4 Bxd4 17. Nxd4 Rxd4 18. Bxg4 Rxg4 19. Rfd1 Rd8 20.
Rxd8+ Kxd8 21. Qb3 Re4 22. Qf7 Re1+ 0-1

[Event "AUTO-OPEN-2429"]
[Site "http://www.queenalice.com/game.php?id=966657"]
[Date "2011.7.30"]
[Round "1"]
[White "jcwarmling"]
[Black "johndavidtelker"]
[Result "0-1"]
[WhiteElo "1703"]
[BlackElo "1719"]

1. b3 d5 2. d4 Bf5 3. e3 e6 4. Ba3 Bxa3 5. Nxa3 Nf6 6. h3 Nbd7 7. g4 Be4 8. Rh2
h6 9. Qd2 a6 10. f3 Bh7 11. Qb4 b6 12. c4 a5 13. Qd2 O-O 14. Bd3 c6 15. Bxh7+
Nxh7 16. cxd5 exd5 17. Rc1 Rc8 18. Qd3 Re8 19. f4 Nhf6 20. Rhc2 c5 21. Nb5 Re6
22. dxc5 Nxc5 23. Qe2 Nfe4 24. f5 Re5 25. Nf3 Re8 26. h4 Qd7 27. Nc3 Ng3 28. Qh2
Nd3+ 29. Kd1 Nxc1 30. Rxc1 Ne4 31. Nxe4 dxe4+ 32. Nd4 Rc5 33. Rxc5 bxc5 34. Qd2
cxd4 35. Qxd4 Qxd4+ 36. exd4 Rd8 37. Kd2 Rxd4+ 38. Ke3 Rb4 39. g5 hxg5 40. hxg5
Kf8 41. Kf4 Ke7 42. a3 Rxb3 43. Kxe4 Rxa3 44. Ke5 Rb3 45. g6 f6+ 46. Kf4 a4 47.
Ke4 a3 48. Kd4 a2 49. Kc4 Rb7 50. Kc5 a1=Q 51. Kc6 Rd7 52. Kb6 Qe5 53. Kc6 Qd5+
54. Kb6 Rd6+ 55. Kc7 Rc6+ 56. Kb7 Qb5+ 57. Ka7 Ra6# 0-1

[Event "AUTO-OPEN-2429"]
[Site "http://www.queenalice.com/game.php?id=966670"]
[Date "2011.7.30"]
[Round "1"]
[White "jcwarmling"]
[Black "forth_generation"]
[Result "0-1"]
[WhiteElo "1648"]
[BlackElo "2428"]

1. e3 e5 2. b3 Nf6 3. Ba3 Bxa3 4. Nxa3 O-O 5. Nc4 Nc6 6. d4 exd4 7. exd4 d5 8.
Ne5 Nxe5 9. dxe5 Re8 10. Nf3 Bg4 11. Qd4 c5 12. Qe3 d4 13. Qd3 Bxf3 14. gxf3
Rxe5+ 15. Be2 Nd5 16. Qd2 Nc3 17. Kf1 Qh4 18. Bc4 Qh3+ 19. Kg1 Rae8 20. f4 Ne2+
21. Bxe2 Rxe2 22. Qa5 Qg4+ 23. Kf1 Qf3 24. Rg1 Qxf2# 0-1

[Event "AUTO-OPEN-2429"]
[Site "http://www.queenalice.com/game.php?id=966671"]
[Date "2011.7.30"]
[Round "1"]
[White "forth_generation"]
[Black "jcwarmling"]
[Result "1-0"]
[WhiteElo "2427"]
[BlackElo "1648"]

1. d4 c6 2. c4 e6 3. Nf3 Bb4+ 4. Nbd2 Nf6 5. a3 Qa5 6. c5 Ne4 7. axb4 Qxa1 8.
Nxe4 O-O 9. e3 b6 10. Be2 bxc5 11. bxc5 Ba6 12. O-O f5 13. Nd6 Bxe2 14. Qxe2 Na6
15. Ne5 Nc7 16. Nxd7 Rfd8 17. Ne5 Ne8 18. Nxf5 g6 19. Ne7+ Kg7 20. e4 Rxd4 21.
Qf3 Qa4 22. Qf7+ Kh8 23. Qg8# 1-0

[Event "AUTO-INT-2101"]
[Site "http://www.queenalice.com/game.php?id=966872"]
[Date "2011.7.30"]
[Round "1"]
[White "geert"]
[Black "jcwarmling"]
[Result "1-0"]
[WhiteElo "1637"]
[BlackElo "1657"]

1. d4 Nf6 2. e3 e6 3. Bd3 d5 4. Nf3 c6 5. O-O Bd6 6. c4 dxc4 7. Bxc4 O-O 8. Nc3
Nd5 9. Nxd5 exd5 10. Bd3 Qf6 11. h3 Na6 12. Bxa6 bxa6 13. b3 Qg6 14. Nh4 Qg5 15.
Nf3 Qg6 16. Nh4 Qg5 17. Nf3 Qf6 18. Qd3 g5 19. Nd2 Qh6 20. e4 Qg6 21. Nf3 dxe4
22. Qe3 exf3 23. Qxf3 g4 24. hxg4 Bxg4 25. Qc3 Qh5 26. g3 Qh3 27. Bb2 f6 28.
Qxc6 Bxg3 29. fxg3 Qxg3+ 30. Qg2 Qxg2+ 31. Kxg2 Rae8 32. Ba3 Rf7 33. d5 Re2+ 34.
Kg1 Rg7 35. Rf2 Bf3+ 36. Kf1 Rxf2+ 37. Kxf2 Bxd5 38. Bc5 h5 39. Rg1 h4 40. Rxg7+
Kxg7 41. Bxa7 Kg6 42. Bb8 Kg5 43. Kg1 Kg4 44. Kh2 f5 45. Bc7 f4 46. Bb6 f3 47.
Bf2 Be4 48. a3 a5 49. a4 1-0

[Event "AUTO-INT-2101"]
[Site "http://www.queenalice.com/game.php?id=966873"]
[Date "2011.7.30"]
[Round "1"]
[White "jcwarmling"]
[Black "geert"]
[Result "1-0"]
[WhiteElo "1669"]
[BlackElo "1554"]

1. b3 e5 2. e4 d6 3. Nc3 Nf6 4. d4 exd4 5. Qxd4 Be7 6. Nd5 O-O 7. Nf3 c5 8. Qd3
b6 9. e5 dxe5 10. Nxf6+ Bxf6 11. Qe4 Qc7 12. Qxa8 Bb7 13. Qxa7 Nc6 14. Qa4 Nd4
15. Nxd4 exd4 16. Bd3 Bd5 17. O-O Ra8 18. Re1 Be7 19. Qb5 g6 20. Bh6 Bf8 21. Re8
Rxe8 22. Qxe8 Qe7 23. Qxe7 Bxe7 24. Re1 Be6 25. Bc4 Bf8 26. Bxf8 Kxf8 27. Bxe6
1-0

[Event "AUTO-INT-2101"]
[Site "http://www.queenalice.com/game.php?id=966882"]
[Date "2011.7.30"]
[Round "1"]
[White "jcwarmling"]
[Black "roqqk38"]
[Result "1-0"]
[WhiteElo "1679"]
[BlackElo "1604"]

1. e4 e5 2. Nf3 d6 3. Bc4 g5 4. d3 b6 5. Nxg5 Nh6 6. Qh5 Bg4 7. Bxf7+ Kd7 8. Qh4
Nc6 9. f3 Nd4 10. Na3 b5 11. fxg4 Nxf7 12. O-O Nh6 13. g3 Ne2+ 14. Kg2 Nxc1 15.
Raxc1 Be7 16. Qxh6 Bxg5 17. Qg7+ Kc6 18. Rcd1 d5 19. Qxe5 d4 20. Qxb5+ Kd6 21.
Nc4+ Ke7 22. Qxg5+ Kd7 23. Ne5+ Kc8 24. Qf5+ Kb8 25. Nf7 Qg8 26. Nxh8 Qxh8 27.
Qb5+ Kc8 28. Rf7 a6 29. Qf5+ Kb7 30. Rf1 Kb6 31. Qd5 Rd8 32. R1f6+ Ka7 33. Rxc7+
Kb8 34. Qb7# 1-0

[Event "AUTO-INT-2101"]
[Site "http://www.queenalice.com/game.php?id=966883"]
[Date "2011.7.30"]
[Round "1"]
[White "roqqk38"]
[Black "jcwarmling"]
[Result "1-0"]
[WhiteElo "1604"]
[BlackElo "1688"]

1. e4 d5 2. Nc3 e6 3. d4 dxe4 4. Nxe4 Nf6 5. Qf3 Qxd4 6. Bd3 Ba3 7. c3 Bb4 8.
cxb4 Qxb4+ 9. Kf1 b6 10. Nxf6+ gxf6 11. Qxa8 O-O 12. Qxa7 Ba6 13. Bxa6 Nxa6 14.
Qxa6 Rd8 15. Qe2 f5 16. Nf3 c6 17. Ne5 Qb5 18. Qxb5 cxb5 19. Be3 f6 20. Nc6 Rd6
21. Rc1 e5 22. Ne7+ Kf8 23. Nxf5 Rd8 24. Bxb6 Rd5 25. g4 Kf7 26. h4 e4 27. Rh3
Ke6 28. Re3 b4 29. Rxe4+ Kf7 30. h5 Rb5 31. Nd6+ Kg7 32. Nxb5 h6 33. Rxb4 Kf7
34. Rc6 Ke7 35. Rf4 Kd7 36. Rfxf6 Ke7 37. Rxh6 Kd7 38. Rcg6 Kc8 39. Rg7 Kb8 40.
Rh8# 1-0

[Event "AUTO-OPEN-2435"]
[Site "http://www.queenalice.com/game.php?id=969200"]
[Date "2011.8.5"]
[Round "1"]
[White "carlospianista20"]
[Black "jcwarmling"]
[Result "1-0"]
[WhiteElo "1943"]
[BlackElo "1581"]

1. d4 d5 2. c4 dxc4 3. Nc3 c6 4. a4 Bf5 5. e4 Be6 6. d5 cxd5 7. exd5 Bf5 8. Bxc4
e6 9. Qb3 exd5 10. Bxd5 Be6 11. Bxe6 fxe6 12. Qxe6+ Qe7 13. Qxe7+ Nxe7 14. Nf3
Nf5 15. O-O Nc6 16. Re1+ Be7 17. Bg5 h6 18. Bxe7 Ncxe7 19. Nd5 O-O 20. Nxe7+ Kf7
21. Nxf5 Rae8 22. Nd6+ Kg8 23. Rxe8 Rxe8 24. Nxe8 1-0

[Event "AUTO-OPEN-2435"]
[Site "http://www.queenalice.com/game.php?id=969201"]
[Date "2011.8.5"]
[Round "1"]
[White "jcwarmling"]
[Black "carlospianista20"]
[Result "0-1"]
[WhiteElo "1676"]
[BlackElo "1862"]

1. Nc3 d5 2. d4 c5 3. dxc5 d4 4. Ne4 Nc6 5. c3 Bf5 6. Ng5 dxc3 7. bxc3 Qxd1+ 8.
Kxd1 e5 9. Ba3 h6 10. N5f3 Nf6 11. g3 Ne4 12. Ke1 Bxc5 13. Bxc5 Nxc5 14. Rd1 O-O
15. Rd5 Rfd8 16. Rxd8+ Rxd8 17. e3 Na4 18. Bh3 Nxc3 19. Kf1 Rd1+ 20. Kg2 Bd3 21.
g4 Bf1+ 22. Kg3 Ne4+ 23. Kh4 g5+ 24. Kh5 Kg7 25. Bxf1 Nf6# 0-1

[Event "AUTO-OPEN-2435"]
[Site "http://www.queenalice.com/game.php?id=969224"]
[Date "2011.8.5"]
[Round "1"]
[White "jcwarmling"]
[Black "ams07"]
[Result "0-1"]
[WhiteElo "1545"]
[BlackElo "1443"]

1. e3 e5 2. Qf3 d5 3. Nc3 Nf6 4. e4 d4 5. Nd5 c6 6. Nxf6+ Qxf6 7. Bc4 b5 8. Bb3
Nd7 9. c3 Bc5 10. cxd4 exd4 11. d3 Bb4+ 12. Bd2 Bxd2+ 13. Kxd2 Ne5 14. Qxf6 gxf6
15. Rc1 Be6 16. Bxe6 fxe6 17. Nf3 Nxf3+ 18. gxf3 Rc8 19. b3 c5 20. a4 a6 21.
axb5 axb5 22. b4 c4 23. dxc4 Rxc4 24. Ra1 Kd7 25. Ra7+ Kd6 26. Rc1 Rxb4 27. Rac7
Rc4 28. R1xc4 bxc4 29. Rxc4 Ke5 30. Kd3 Rd8 31. h4 h5 32. Rc5+ Kf4 33. Rc4 Kxf3
0-1

[Event "AUTO-OPEN-2435"]
[Site "http://www.queenalice.com/game.php?id=969225"]
[Date "2011.8.5"]
[Round "1"]
[White "ams07"]
[Black "jcwarmling"]
[Result "1-0"]
[WhiteElo "1463"]
[BlackElo "1525"]

1. e4 d5 2. e5 e6 3. d4 c6 4. Nh3 h6 5. c3 Nd7 6. Nd2 Nb6 7. Nf4 Qg5 8. Nh3 Qe7
9. Nb3 f6 10. Bf4 fxe5 11. Bxe5 Nc4 12. Nf4 Qg5 13. Qf3 Nxe5 14. dxe5 Qxe5+ 15.
Be2 Ne7 16. Qh5+ Kd8 17. Qxe5 Nf5 18. Nxe6+ Bxe6 19. Qxe6 Nh4 20. O-O Be7 21.
Nd4 Re8 22. Bh5 g6 23. Bxg6 Nxg6 24. Qxg6 Bg5 25. Ne6+ Kd7 26. Nc5+ Kc7 27. Qxe8
Rxe8 28. Rfe1 Rxe1+ 29. Rxe1 Kb6 30. Nd7+ Kc7 31. Nf8 Kd6 32. g3 a5 33. a4 b5
34. axb5 cxb5 35. f4 1-0

[Event "AUTO-OPEN-2435"]
[Site "http://www.queenalice.com/game.php?id=969226"]
[Date "2011.8.5"]
[Round "1"]
[White "jcwarmling"]
[Black "PawnOne"]
[Result "0-1"]
[WhiteElo "1667"]
[BlackElo "1935"]

1. b3 e5 2. Ba3 Bxa3 3. Nxa3 d6 4. Nc4 Nc6 5. e3 Nf6 6. d4 O-O 7. dxe5 Nxe5 8.
Be2 Be6 9. Nf3 Nxc4 10. bxc4 Ne4 11. Qd3 Bf5 12. Rb1 Ng3 13. Qd5 Be6 14. Qxb7
Nxh1 15. g3 Rb8 16. Qxb8 Qxb8 17. Rxb8 Rxb8 18. Nd4 Rb1+ 19. Kd2 Nxf2 20. Nc6 a6
21. c5 Kf8 22. h4 Ne4+ 23. Kd3 Nxc5+ 24. Kc3 Bd7 25. Nd8 Ke8 26. Nxf7 Kxf7 27.
a3 Na4+ 28. Kd4 Bc6 29. Bxa6 Rb2 30. c3 Nb6 31. c4 Ra2 32. c5 Rxa3 33. Be2 Ra4+
34. Kc3 dxc5 35. Bd1 Ra3+ 36. Kb2 Nc4+ 37. Kb1 Be4+ 38. Bc2 Rb3+ 0-1

[Event "AUTO-OPEN-2435"]
[Site "http://www.queenalice.com/game.php?id=969227"]
[Date "2011.8.5"]
[Round "1"]
[White "PawnOne"]
[Black "jcwarmling"]
[Result "1-0"]
[WhiteElo "1940"]
[BlackElo "1662"]

1. e4 Nc6 2. Nf3 Nf6 3. Nc3 e6 4. a3 d5 5. e5 Ne4 6. Bb5 a6 7. Ba4 Bc5 8. d4 Ba7
9. Qd3 b5 10. Bb3 f6 11. exf6 Qxf6 12. Nxe4 Qe7 13. Ng3 e5 14. Bxd5 Bb7 15. O-O
Rd8 16. Bg5 Qd6 17. Bxd8 Nxd8 18. Bxb7 Nxb7 19. Rfe1 O-O 20. Rxe5 h6 21. c3 Nc5
22. Qe3 Nb3 23. Re1 c6 24. Re8 Rxe8 25. Qxe8+ Qf8 26. Nf5 Qxe8 27. Rxe8+ Kf7 28.
Re7+ Kf6 29. Rxa7 Kxf5 30. Rxg7 c5 31. dxc5 Nxc5 32. Nd4+ Ke5 33. Rh7 Ne6 34.
Nxe6 Kxe6 35. Rxh6+ Kd5 36. Rxa6 Kc4 37. h4 Kd3 38. Rb6 b4 39. Rxb4 1-0

[Event "AUTO-INT-2106"]
[Site "http://www.queenalice.com/game.php?id=969313"]
[Date "2011.8.6"]
[Round "1"]
[White "rafaeldias"]
[Black "jcwarmling"]
[Result "1-0"]
[WhiteElo "1533"]
[BlackElo "1579"]

1. e4 e6 2. e5 Bc5 3. d4 Bb6 4. Nf3 d6 5. Bb5+ Bd7 6. Bxd7+ Qxd7 7. O-O dxe5 8.
Nxe5 Qxd4 9. Nxf7 Kxf7 10. Qh5+ g6 11. Qf3+ Nf6 12. c3 Qd5 13. Nd2 Qxf3 14. Nxf3
1-0

[Event "AUTO-INT-2106"]
[Site "http://www.queenalice.com/game.php?id=969314"]
[Date "2011.8.6"]
[Round "1"]
[White "jcwarmling"]
[Black "rafaeldias"]
[Result "0-1"]
[WhiteElo "1561"]
[BlackElo "1551"]

1. e3 d5 2. Qf3 Nf6 3. d4 c5 4. dxc5 Qa5+ 5. Bd2 Qxc5 6. Bd3 h6 7. a3 Bg4 8. Qf4
Nc6 9. b4 Qd6 10. Qxd6 exd6 11. h3 Bd7 12. b5 Ne5 13. Nc3 g5 14. a4 Bg7 0-1

[Event "AUTO-INT-2106"]
[Site "http://www.queenalice.com/game.php?id=969331"]
[Date "2011.8.6"]
[Round "1"]
[White "jcwarmling"]
[Black "jamba"]
[Result "1-0"]
[WhiteElo "1649"]
[BlackElo "1563"]

1. Nc3 Nf6 2. e4 d6 3. d3 c5 4. d4 cxd4 5. Qxd4 Nc6 6. Qa4 Bd7 7. Be2 e5 8. Nf3
Nd4 9. Bb5 Qc7 10. Nxd4 exd4 11. Qxd4 Bxb5 12. Nxb5 Qxc2 13. Nxd6+ Ke7 14. O-O
Ke6 15. e5 Nd5 16. Nxf7 Bc5 17. Ng5+ Kf5 18. Qxd5 Rhd8 19. Qe6# 1-0

[Event "AUTO-INT-2106"]
[Site "http://www.queenalice.com/game.php?id=969332"]
[Date "2011.8.6"]
[Round "1"]
[White "jamba"]
[Black "jcwarmling"]
[Result "0-1"]
[WhiteElo "1587"]
[BlackElo "1680"]

1. d4 e6 2. e3 Nf6 3. a3 Nc6 4. Bd3 d5 5. f4 Ne4 6. Nf3 Qf6 7. O-O b6 8. Ng5
Nxg5 9. fxg5 Qxg5 10. e4 Qh4 11. Qf3 Nxd4 12. Qe3 Bd6 13. Qxd4 Qxh2+ 14. Kf2 Be5
15. Qa4+ Bd7 16. Bb5 Bxb5 17. Qxb5+ Ke7 18. Qb4+ c5 19. Qe1 Bg3+ 20. Ke2 Bxe1
21. Kxe1 Qxg2 22. exd5 exd5 23. Nd2 Rhe8 24. Rf2 Kd7+ 25. Kd1 Qxf2 26. c3 Re1+
27. Kc2 Rae8 28. b4 cxb4 29. axb4 R8e2 30. Rxa7+ Kc6 31. Ra2 h5 32. Rb2 Qf5+ 33.
Kb3 Rxc1 34. b5+ Kc5 35. Ra2 Rxd2 36. Rxd2 Qb1+ 37. Rb2 Qe4 38. c4 Qxc4+ 39. Ka3
Rc3+ 40. Rb3 Qxb3# 0-1

[Event "AUTO-INT-2106"]
[Site "http://www.queenalice.com/game.php?id=969333"]
[Date "2011.8.6"]
[Round "1"]
[White "jcwarmling"]
[Black "Roger_Moore"]
[Result "1-0"]
[WhiteElo "1497"]
[BlackElo "1295"]

1. e4 e5 2. Qf3 h6 3. Bc4 Qf6 4. Nc3 c6 5. d4 exd4 6. e5 Qxf3 7. gxf3 dxc3 8.
bxc3 d6 9. exd6 Bxd6 10. Ne2 Bf5 11. Nd4 Bg6 12. O-O Nf6 13. Re1+ Be7 14. Ba3
Ng8 15. Re3 Kd8 16. Bxe7+ Nxe7 17. Rae1 Nc8 18. f4 b5 19. Bb3 a5 20. f5 Bh5 21.
f6 gxf6 22. a4 Nd6 23. axb5 cxb5 24. Rd3 Nd7 25. Nc6+ Kc7 26. Bd5 Ra6 27. Ne7
Ne5 28. Rh3 Bg4 29. Rd3 Re8 30. Rdd1 Bxd1 31. Rxd1 Rxe7 32. f4 Nec4 33. Bxc4
Nxc4 34. Kf2 1-0

[Event "AUTO-INT-2106"]
[Site "http://www.queenalice.com/game.php?id=969334"]
[Date "2011.8.6"]
[Round "1"]
[White "Roger_Moore"]
[Black "jcwarmling"]
[Result "0-1"]
[WhiteElo "1287"]
[BlackElo "1505"]

1. e4 Nc6 2. d3 e5 3. a3 Nf6 4. h3 Na5 5. b4 Nc6 6. c3 b5 7. Qf3 d5 8. exd5 Nxd5
9. d4 exd4 10. Bxb5 Bd7 11. Qxd5 Rb8 12. Bxc6 Bxc6 13. Qxc6+ Qd7 14. Qxd7+ Kxd7
15. cxd4 h5 16. h4 g6 17. Bf4 Bd6 18. Be5 Bxe5 19. dxe5 Rhe8 20. f4 f6 21. Nf3
Rb5 22. Nc3 Rb6 23. O-O-O+ Kc8 24. Nd5 Rc6+ 25. Kb2 fxe5 26. Nxe5 Ra6 27. Rc1
Rd8 28. Rxc7+ Kb8 29. Rd1 Rc8 30. Nd7+ Ka8 31. Rxc8+ Kb7 0-1